Gospodarka Polski po akcesji do Unii europejskiej wymiar finansowy
Saved in:
| Other Authors: | |
|---|---|
| Format: | Book |
| Language: | Polish English |
| Published: |
Poznań
Wydawnictwo Uniwersytetu Ekonomicznego w Poznaniu
2011
|
| Series: | Zeszyty naukowe
207 |
| Subjects: | |
| Tags: |
No Tags, Be the first to tag this record!
|
MARC
| LEADER | 00000nam a2200000 4500 | ||
|---|---|---|---|
| 001 | 0150361 | ||
| 005 | 20240109073537.5 | ||
| 020 | |a 978-83-7417-645-3 | ||
| 022 | |a 1689-7374 | ||
| 041 | 0 | |a pol | |
| 041 | 0 | |a eng | |
| 044 | |a PL | ||
| 245 | 1 | 0 | |a Gospodarka Polski po akcesji do Unii europejskiej |b wymiar finansowy |c redaktor naukowy Waldemar Czternasty |
| 264 | 1 | |a Poznań |b Wydawnictwo Uniwersytetu Ekonomicznego w Poznaniu |c 2011 | |
| 300 | |a 216 s. | ||
| 490 | 1 | |a Zeszyty naukowe |v 207 | |
| 830 | 0 | |a Zeszyty naukowe |v 207 | |
| 610 | 2 | 0 | |a hospodárstvo národné |
| 610 | 2 | 0 | |a situácia hospodárska |
| 610 | 2 | 0 | |a integrácia ekonomická medzinárodná |
| 610 | 2 | 0 | |a integrácia menová |
| 610 | 2 | 0 | |a vzťahy medzinárodné |
| 610 | 2 | 0 | |a Európska únia |
| 610 | 2 | 0 | |a politika finančná |
| 610 | 2 | 0 | |a Poľsko |
| 700 | 1 | |a Czternasty, Waldemar | |